| 000 | 01454cam a22003977a 4500 | ||
|---|---|---|---|
| 003 | CHAP | ||
| 005 | 20220817041008.0 | ||
| 008 | 971013s1991 r 00010 d | ||
| 010 | _a4201 | ||
| 011 | _a5173 | ||
| 035 | _a4379 | ||
| 040 | _cCHAP | ||
| 090 | _aFolleto 12865 | ||
| 100 | 0 | 0 |
_aSegura, Alonso. _9103671 |
| 245 | 0 |
_aPropagación agámica de seis especies forestales neotropicales en Colombia _b: mejoramiento de semillas y fuentes semilleras en Colombia |
|
| 260 |
_aBogotá : _bCONIF, _c1991 |
||
| 300 |
_a33 p. _b: ilus. ; gráfs. ; anexos |
||
| 490 | 0 |
_aCONIF. Serie documentación _v; 20 |
|
| 590 |
_aBATCH-UPD _b10 _c20130109 _lUCH01 _h2353 |
||
| 590 |
_aBATCH-UPD _b10 _c20130110 _lUCH01 _h1602 |
||
| 590 |
_aBATCH-UPD _b10 _c20130409 _lUCH01 _h1925 |
||
| 590 |
_aBATCH-UPD _b10 _c20130410 _lUCH01 _h0959 |
||
| 590 |
_aBATCH-UPD _b10 _c20130914 _lUCH01 _h0655 |
||
| 590 |
_aCONVERSION _b10 _c20130109 _lUCH01 _h1303 |
||
| 650 | 1 | 4 |
_aÁrboles tropicales. _982448 |
| 650 | 1 | 4 |
_aBombacopsis quinata. _913617 |
| 650 | 1 | 4 |
_aCarinian pyriformis. _918973 |
| 650 | 1 | 4 |
_aCordia alliodor. _927972 |
| 650 | 1 | 4 | _aPropagación de árboles. |
| 650 | 1 | 4 |
_aSemillas forestales. _9103935 |
| 710 | 0 |
_aCorporación Nacional de Investigación y Fomento Forestal. Santa Fé de Bogotá, Colombia. _928178 |
|
| 830 | 0 |
_aCONIF. Serie documentación _v; 20 _927179 |
|
| 901 | _aBK | ||
| 942 | _cFOLL | ||
| 949 |
_aFolleto 12865 _bBC _cFOLL _d-13917 _eTS1 _i4379 _mD _si |
||
| 999 |
_c4201 _d4201 |
||